May 29th: Birthdays - Statistics

General Stats
  • This quiz has been taken 9 times
  • The average score is 4 of 12
Answer Stats
Year Clue Answer % Correct
1975 Spice Girl Mel B
67%
1736 "Give me liberty or give me death" speech Patrick Henry
67%
1917 US President John F. Kennedy
56%
1967 Artist of Oasis Noel Gallagher
44%
1914 1st to reach summit of Mt. Everest Tenzing Norgay
44%
1903 Famous Comedian Bob Hope
33%
1953 Artist of the Simpsons Theme Danny Elfman
33%
1958 Actress in Grifters Annette Bening
11%
1630 King of England Charles II
11%
1910 Discovered Protein Crystallography Dorothy Hodgkin
0%
1984 LGBT Advocate Laverne Cox
0%
1906 Author of the King Author book series T. H. White
0%
No matching quizzes found
Score Distribution
Percent of People with Each Score
Percentile by Number Answered
Your Score History
You have not taken this quiz